• 首页
  • 本馆介绍
  • 公告通知
  • 最新文献
  • 馆藏检索
  • 电子资源
  • 读者导购
  • 参考咨询
  • 我的图书馆
  • 登录
  • 详细信息显示
  • 放入我的书架
  • 预约/预借图书
  • 作者相关作品
  • 分类相关作品
  • 丛书相关作品
  • 出版社相关作品

书目信息

  • 表格格式
  • 工作单格式
  • 卡片格式
题名:
不得已的说明
    
 
作者: Витте , 维特 著 ;吉林省社会科学研究所翻译组 译
分册:  
出版信息: 北京   商务印书馆  1978
页数: 71页
开本: 19cm
丛书名:
单 册:
中图分类: D851.29
科图分类:
主题词: 侵略扩张--俄国 , 日俄战争(1904~1905)--史料
电子资源:
ISBN:
000 01017nam0 2200277 45
001 0178005936
005 20060817104551.01
010    @dCNY0.26
091    @aCN@b11017.420
100    @a19950714d1978 kemy0chiy0121 ea
101 1  @achi@crus
102    @aCN@b110000
105    @ay z 000yd
200 10 @a不得已的说明@Abu de yi de shuo ming@e奉答侍从将军库罗巴特金关于对日战争的总结报告@f(俄)维特(С.Ю.Витте)著@g吉林省社会科学研究所翻译组译
210    @a北京@c商务印书馆@d1978
215    @a71页@d19cm
300    @a内部发行
517 1  @a奉答侍从将军库罗巴特金关于对日战争的总结报告@Afeng da shi cong jiang jun ku luo ba te jin guan yu dui ri zhan zheng de zong jie bao gao
606    @a侵略扩张@y俄国
606    @a日俄战争(1904~1905)@x史料
690    @aD851.29@v3
701 A1 @aВитте@bС.Ю.@4著
701  1 @a维特@Awei te@bС.Ю.@4著
712 02 @a吉林省社会科学研究所翻译组@Aji lin sheng she hui ke xue yan jiu suo fanyi zu@4译
801  0 @aCN@bTSSF@c20060817
905    @a10447@dD851.29@e46
    
    不得已的说明:奉答侍从将军库罗巴特金关于对日战争的总结报告/(俄)维特(С.Ю.Витте)著/吉林省社会科学研究所翻译组译.-北京:商务印书馆,1978
    71页;19cm
    内部发行
    
    ISBN :CNY0.26
    
●
相关链接 在E读中查询图书 在五车中查询图书 在当当中查询图书 在豆瓣中查询图书


正题名:不得已的说明     索取号:D851.29/46         预约/预借

序号 登录号 条形码 馆藏地/架位号 状态 备注
1 0459969   204599693   密集书库/ [索取号:D851.29/46] 在馆    
2 0459970   204599700   密集书库/ [索取号:D851.29/46] 在馆    
3 0465328   204653286   密集书库/ [索取号:D851.29/46] 在馆    
唐山师范学院图书馆 欢迎您!
大连网信软件有限公司© 版权所有